000 05275nam a22005657a 4500
005 2011062807187.0
010 _aENG-102672 B-445020-046
020 _c240.00
_a9788175416024
035 _aEN-86205 B-445020-046
037 _bDBAD / PUB
037 _bAllied Pub/Ven
082 _a371
245 _aEducational technology in changing society /
_cedited by Rajarshi Roy
260 _aDelhi
_bShipra Publications
_c2011
270 _aLG 18-19, Pankaj Central Market, Patparganj, I. P. Ext.,
_bDelhi
_e110092
300 _axii,307p.
_c22cm (pbk)
500 _aIncludes index
700 _928520
_aRoy, Rajarshi
710 _928535
942 _2ddc
_cEN
_mEDU
_h371
999 _c53281
_d53281